000 00955nam a2200265 i 4500
001 000038197
003 DO-SdBNP
005 20251031100549.0
007 ta
008 130321s2008 dr ad 000 0 spa d
040 _aDO-SdBNP
_bspa
_cBNPHU
_erda
041 _aspa
082 _axxx
_bR426a
_222
110 1 _aRepública Dominicana.
_bSecretaría de Estado de Economía, Planificación y Desarrollo
_91941
245 1 0 _aAportes al debate de las políticas económicas y sociales :
_btextos de discusión 2005-2007 /
_cAngeles Calzada...[et.al].
264 _aSanto Domingo :
_bSecretaría de Estado de Economía, Planificación y Desarrollo,
_c2008.
300 _a273 páginas :
_bilustraciones, gráficas. ;
_c28 cm.
336 _ardacontent
_btexto
_2txt
337 _ardamedia
_bsin mediación
_2n
338 _ardacarrier
_bvolumen
_2nc
590 _aInventariado, 2025/DG
700 1 _aCalzada, Angeles
_92989
910 _aDG
942 _2ddc
_cLBS1
999 _c37687
_d37687